Family Feud #10 - Statistics

General Stats
  • This quiz has been taken 12 times
  • The average score is 3 of 7
Answer Stats
Hint Answer % Correct
17 Walk/Run them
100%
11 Feed them
58%
9 Play/ fetch
50%
18 Clean/Groom
25%
18 Scratch/ rub
17%
2 Lick Them
0%
18 Scoop Poop
0%
No matching quizzes found
Score Distribution
Percent of People with Each Score
Percentile by Number Answered
Your Score History
You have not taken this quiz